[Event "Czech Open A"]
[Site "Pardubice CZE"]
[Date "2006.07.25"]
[Round "5"]
[White "Kryschilovskij,A"]
[Black "Cerveny,M"]
[Result "0-1"]
[WhiteElo "2357"]
[BlackElo "2262"]

1.d4 d5 2.c4 c6 3.e3 Nf6 4.Nc3 e6 5.Nf3 Nbd7 6.Qc2 Bd6 7.Be2 O-O 8.O-O dxc4
9.a4 Qe7 10.Nd2 e5 11.Nxc4 exd4 12.exd4 Nb6 13.Nxb6 axb6 14.Bg5 Ra5 15.Bd2 Bf5
16.Qd1 Bb4 17.Bf3 Qd6 18.Be3 Rfa8 19.Rc1 Bxc3 20.bxc3 Rxa4 21.c4 Ra3 22.Re1 h6
23.h3 Bd3 24.Qd2 Kh7 25.Qb2 Nd7 26.Red1 Ra2 27.Qc3 R8a3 28.Qe1 Bf5 29.Rd2 Qg6
30.Kh2 Nf6 31.Rxa2 Rxa2 32.Rd1 Be4 33.Bxe4 Qxe4 34.d5 c5 35.d6 Nd7 36.Rd5 b5
37.Qd1 bxc4 38.Rh5 Qg6 39.Rh4 Ra6 40.Bf4 c3 41.Rg4 Qf5 42.Qb3 c2 43.Qc3 Nf6
44.Rh4 Ra4 45.g3 Rd4 46.Qe3 Nd5 47.Qc1 Rd1 48.d7 Qe4 49.g4 Nxf4  0-1

[Event "MTO Open"]
[Site "Biel SUI"]
[Date "2006.07.26"]
[Round "3"]
[White "Golod,V"]
[Black "Klovans,J"]
[Result "1/2-1/2"]
[WhiteElo "2576"]
[BlackElo "2433"]

1.d4 Nf6 2.c4 e6 3.Nc3 d5 4.Nf3 c6 5.e3 Nbd7 6.Qc2 Bd6 7.Bd3 O-O 8.O-O dxc4
9.Bxc4 a6 10.Rd1 b5 11.Be2 Qc7 12.Ne4 Nxe4 13.Qxe4 c5 14.Bd3 f5 15.Qh4 c4
16.Bc2 Nf6 17.e4 Nxe4 18.Bxe4 fxe4 19.Qxe4 h6 20.a4 Rb8 21.axb5 axb5 22.Be3 Qf7
23.d5 exd5 24.Qxd5 Qxd5 25.Rxd5 Be7 26.Nd4 Bf6 27.Rxb5 Rxb5 28.Nxb5 Bxb2
29.Ra7 Rd8 30.f3 Bf5 31.Rc7 Rd1+ 32.Kf2 Bd7 33.Rxc4 Bxb5 34.Rb4 Rf1+ 35.Kg3 Be5+
36.f4 Bxf4+  1/2-1/2

[Event "Czech Open A"]
[Site "Pardubice CZE"]
[Date "2006.07.26"]
[Round "6"]
[White "Stempin,P"]
[Black "Solovjova,V"]
[Result "1/2-1/2"]
[WhiteElo "2370"]
[BlackElo "2265"]

1.d4 d5 2.c4 c6 3.Nf3 Nf6 4.Nc3 e6 5.e3 Nbd7 6.Bd3 dxc4 7.Bxc4 b5 8.Bd3 Bb7
9.O-O a6 10.e4 c5 11.d5 Qc7 12.b3 c4 13.bxc4 bxc4 14.Bc2 Bd6 15.Rb1 Rb8 16.dxe6 fxe6
17.Nd4 Ke7 18.f4 Bc5 19.Be3 Rhd8 20.Qe2 e5 21.Nf5+ Kf8 22.Na4 Bxe3+ 23.Qxe3 exf4
24.Rxf4 Kg8 25.Rbf1 Ne5 26.Qc3 Rf8 27.Ne3  1/2-1/2

[Event "Czech Open B2"]
[Site "Pardubice CZE"]
[Date "2006.07.26"]
[Round "6"]
[White "Purnoch,J"]
[Black "Epure,Ca"]
[Result "1-0"]
[WhiteElo "2190"]
[BlackElo "2117"]

1.d4 d5 2.c4 e6 3.Nc3 c6 4.e3 Nf6 5.Nf3 Bd6 6.Bd3 O-O 7.O-O Nbd7 8.e4 dxc4
9.Bxc4 e5 10.Bg5 h6 11.Bh4 Qe7 12.d5 Nb6 13.Bb3 Bg4 14.dxc6 bxc6 15.h3 Be6
16.Bxe6 Qxe6 17.Rc1 Rfd8 18.Bxf6 Qxf6 19.Qc2 Qe7 20.Rfd1 Rab8 21.Ne2 c5 22.Nc3 c4
23.Nd5 Qb7 24.Nxb6 Qxb6 25.Qxc4 Qxb2 26.Rc2 Qa3 27.Rcd2 Rbc8 28.Qd3 Rc3 29.Qe2 f6
30.Nh4 Rc1 31.Kh2 Rcc8 32.Nf5 Bc7 33.Qc4+ Kh7 34.Rxd8 Rxd8 35.Qxc7  1-0

[Event "Czech Open A"]
[Site "Pardubice CZE"]
[Date "2006.07.26"]
[Round "6"]
[White "Cerveny,M"]
[Black "Doric,D"]
[Result "0-1"]
[WhiteElo "2262"]
[BlackElo "2420"]

1.d4 d5 2.c4 e6 3.Nc3 c6 4.e3 Nf6 5.Nf3 a6 6.Bd3 dxc4 7.Bxc4 b5 8.Bd3 c5
9.a4 b4 10.Na2 Bb7 11.O-O Nbd7 12.Qe2 Bxf3 13.Qxf3 cxd4 14.exd4 Be7 15.Bd2 Nd5
16.Nc1 O-O 17.a5 Bd6 18.Nb3 Qc8 19.g3 Qb7 20.Rac1 Rac8 21.Qe2 Nb8 22.f4 g6
23.h4 Rxc1 24.Rxc1 Rc8 25.Nc5 Bxc5 26.dxc5 Qa7 27.Qf2 Qc7 28.h5 Qxa5 29.f5 exf5
30.hxg6 hxg6 31.Bxf5 gxf5 32.Qxf5 Ne7 33.Qg4+ Kf8 34.Qd4 Nbc6 35.Qh8+ Ng8
36.Bf4 Ne7 37.Bd6 b3 38.Qe5 Qd2 39.Re1 Re8 40.Rf1 Qd3 41.Re1 f6 42.Qe6 Qd4+
43.Kh1 Qxb2 44.c6 Qc3 45.c7 b2 46.c8=Q Qxc8 47.Bxe7+ Kg7  0-1

[Event "Czech Open A"]
[Site "Pardubice CZE"]
[Date "2006.07.26"]
[Round "6"]
[White "Plischki,S"]
[Black "Klimov,S"]
[Result "0-1"]
[WhiteElo "2387"]
[BlackElo "2481"]

1.d4 d5 2.Nf3 Nf6 3.c4 c6 4.Nc3 e6 5.e3 Nbd7 6.Bd3 dxc4 7.Bxc4 b5 8.Be2 Bb7
9.O-O a6 10.e4 c5 11.e5 Nd5 12.a4 Nxc3 13.bxc3 b4 14.cxb4 cxb4 15.a5 Be7
16.Bc4 O-O 17.Qe2 Qc8 18.Be3 Bc6 19.Nd2 Qb7 20.Qg4 Kh8 21.Rfb1 Rfd8 22.Rb3 Bd5
23.Bg5 f6 24.exf6 Nxf6 25.Bxf6 Bxf6 26.Bxd5 Qxd5 27.Rxb4 Bxd4 28.Ra3 Bc3  0-1

[Event "10th Battle of Senta 1697 Open"]
[Site "Senta SCG"]
[Date "2006.07.26"]
[Round "7"]
[White "Molnar,Laszlo3"]
[Black "Kanjuh,V"]
[Result "1-0"]
[WhiteElo "2104"]
[BlackElo "2089"]

1.d4 d5 2.c4 c6 3.Nf3 Nf6 4.Nc3 e6 5.e3 Nbd7 6.Bd3 Bd6 7.O-O O-O 8.e4 dxe4
9.Nxe4 Nxe4 10.Bxe4 Nf6 11.Bc2 c5 12.Qd3 cxd4 13.Bg5 g6 14.Qxd4 Be7 15.Qh4 Re8
16.Rad1 Nd7 17.Rd2 f6 18.Bh6 Qa5 19.Rfd1 Ne5 20.Nxe5 Qxe5 21.Bf4 Qa5 22.Bd6 Kg7
23.b4 Qa6 24.Rd3 e5 25.Bxe7 g5 26.Qh5 Rxe7 27.Rd6 Qxc4 28.Qxh7+ Kf8 29.Qh8+ Kf7
30.Rxf6+  1-0

[Event "Politiken Cup"]
[Site "Copenhagen DEN"]
[Date "2006.07.27"]
[Round "6"]
[White "Brynell,S"]
[Black "Matthiesen,A"]
[Result "1-0"]
[WhiteElo "2502"]
[BlackElo "2358"]

1.d4 d5 2.c4 c6 3.Nc3 Nf6 4.e3 e6 5.Nf3 Nbd7 6.Bd3 dxc4 7.Bxc4 b5 8.Bd3 a6
9.O-O c5 10.a4 b4 11.Ne4 Bb7 12.Nxf6+ Nxf6 13.dxc5 Bxc5 14.Qe2 O-O 15.e4 Nd7
16.Bf4 Be7 17.Rfd1 Nc5 18.Bc2 Qe8 19.Nd4 f6 20.Nb3 Rc8 21.Nxc5 Bxc5 22.Bb3 Kh8
23.Bd6 Bxd6 24.Rxd6 e5 25.Rad1 a5 26.f3 Rc6 27.Qd2 Qa8 28.Rd7 Rcc8 29.Qf2 Bc6
30.Ra7 Qb8 31.Rxa5 Rfd8 32.Rxd8+ Rxd8 33.Qc5 Bd7 34.Qa7 Qd6 35.Rd5 Qc6 36.Qc5 Qxc5+
37.Rxc5 Rb8 38.Rc7 Be8 39.a5 Bb5 40.Bd5  1-0

[Event "Politiken Cup"]
[Site "Copenhagen DEN"]
[Date "2006.07.27"]
[Round "6"]
[White "Adamski,J"]
[Black "Rasmussen,Kar"]
[Result "1/2-1/2"]
[WhiteElo "2348"]
[BlackElo "2467"]

1.Nf3 Nf6 2.c4 c6 3.Nc3 d5 4.e3 e6 5.d4 Nbd7 6.Qc2 Bd6 7.b3 O-O 8.Be2 b6
9.O-O Bb7 10.Bb2 Re8 11.Rad1 Qe7 12.e4 Nxe4 13.Nxe4 dxe4 14.Qxe4 Nf6 15.Qe3 c5
16.Ne5 cxd4 17.Bxd4  1/2-1/2

[Event "Dutch Open"]
[Site "Dieren NED"]
[Date "2006.07.27"]
[Round "3"]
[White "Timman,T"]
[Black "Jonker,F"]
[Result "1/2-1/2"]
[WhiteElo "2260"]
[BlackElo "2141"]

1.d4 d5 2.c4 c6 3.Nc3 Nf6 4.e3 e6 5.Nf3 Nbd7 6.Bd3 dxc4 7.Bxc4 b5 8.Bd3 Bb7
9.O-O a6 10.a4 b4 11.Ne4 c5 12.Nxf6+ Nxf6 13.Qe2 cxd4 14.exd4 Qd5 15.Bg5 Bd6
16.Bxf6 gxf6 17.Rfe1 Rg8 18.Be4 Qxe4 19.Qxe4 Bxe4 20.Rxe4 Rc8 21.d5 e5 22.Nd4 Rc5
23.Nf5 Rxd5 24.Nxd6+ Rxd6 25.Rxb4 Ke7 26.Kf1 Rc8 27.Rb7+ Ke6 28.Ke1 Rc4 29.b4 Re4+
30.Kf1 Rd2 31.Re1 Rc4 32.Rb6+ Kf5 33.Kg1 Rb2 34.Rxa6 Rcxb4 35.Ra7 Kg6 36.h3 Ra2
37.Re3 Rb1+ 38.Kh2 Rxf2 39.Rg3+ Kf5 40.Rxf7 Rd1 41.Rxh7  1/2-1/2

[Event "Open"]
[Site "Kiel GER"]
[Date "2006.07.27"]
[Round "8"]
[White "Bendfeldt,T"]
[Black "Arend,M"]
[Result "1-0"]
[WhiteElo "2075"]
[BlackElo "1928"]

1.d4 d5 2.c4 e6 3.Nc3 c6 4.e3 Nf6 5.Nf3 Nbd7 6.Bd3 dxc4 7.Bxc4 b5 8.Bd3 a6
9.e4 c5 10.d5 c4 11.dxe6 fxe6 12.Bc2 Qc7 13.O-O Bc5 14.Qe2 Ng4 15.h3 Nxf2
16.Rxf2 Bxf2+ 17.Qxf2 O-O 18.Qe2 Nc5 19.Be3 Bb7 20.a3 Rad8 21.Bxc5 Qxc5+
22.Kh1 Rd7 23.Rd1 Rdf7 24.Qd2 Rxf3 25.gxf3 Rxf3 26.Kg2 Rf8 27.Rf1 Rxf1 28.Kxf1 Qe7
29.Qf4 e5 30.Qg3 Qd6 31.Ke2 Bc6 32.Qg4 Bd7 33.Qh4 Qf6 34.Qxf6 gxf6 35.h4 Kf7
36.Nd5 Kg6 37.Kf2 a5 38.Kg3 Be6 39.Ne7+ Kf7 40.Nc6 a4 41.Nd8+ Ke7 42.Nxe6 Kxe6
43.Kg4 Kf7 44.Kf5 h5 45.Bd1 Kg7 46.Be2  1-0

[Event "Czech Open A"]
[Site "Pardubice CZE"]
[Date "2006.07.27"]
[Round "7"]
[White "Henrichs,T"]
[Black "Potkin,V"]
[Result "0-1"]
[WhiteElo "2491"]
[BlackElo "2556"]

1.d4 d5 2.c4 c6 3.Nc3 Nf6 4.e3 e6 5.Nf3 a6 6.b3 Bb4 7.Bd2 Nbd7 8.Bd3 O-O
9.O-O Bd6 10.Qc2 b6 11.Rad1 Bb7 12.Rfe1 Qc7 13.e4 dxc4 14.bxc4 e5 15.c5 bxc5
16.dxe5 Nxe5 17.Nxe5 Bxe5 18.h3 Rac8 19.Ne2 c4 20.Qxc4 c5 21.f4 Bd6 22.Rf1 Be7
23.Ng3 Rfd8 24.Bc3 Qc6 25.Rde1 Bf8 26.a4 Ne8 27.Bc2 Nc7 28.f5 Nb5 29.axb5 axb5
30.Qe2 b4 31.Bb2 c4 32.Kh1 b3 33.Nh5 bxc2 34.Bc3 Rd3 35.Qxc2 Qb6 36.Nf4 Re3
37.Qf2 Rxe1 38.Qxe1 Re8 39.e5 Qc6 40.Qg3 Qe4 41.Nh5 Qe2 42.Nf6+ Kh8 43.Nxe8 Qxf1+
44.Kh2 Qd3 45.Qxd3 cxd3 46.e6 fxe6 47.fxe6 Kg8 48.Kg1 Bc6 49.Nc7 Bd6 50.Na6 Bf4
51.Nb4 Bb5 52.Nxd3 Bxd3  0-1

[Event "Czech Open A"]
[Site "Pardubice CZE"]
[Date "2006.07.27"]
[Round "7"]
[White "Kutsankov,V"]
[Black "Vedral,O"]
[Result "1-0"]
[WhiteElo "2366"]
[BlackElo "2242"]

1.d4 d5 2.c4 e6 3.Nc3 c6 4.e3 Nf6 5.Nf3 Nbd7 6.Qc2 Bd6 7.Be2 O-O 8.O-O dxc4
9.Bxc4 e5 10.Bb3 Qe7 11.Bd2 e4 12.Ng5 Bxh2+ 13.Kxh2 Ng4+ 14.Kg1 Qxg5 15.Qxe4 Ngf6
16.Qc2 Nb6 17.e4 Qh5 18.a4 Be6 19.a5 Nc4 20.d5 Nxd2 21.Qxd2 cxd5 22.exd5 Rfd8
23.Rfd1 Rac8 24.f3 Qe5 25.Ra4 Rd7 26.Qf4 Qxf4 27.Rxf4  1-0

[Event "Czech Open A"]
[Site "Pardubice CZE"]
[Date "2006.07.27"]
[Round "7"]
[White "Bombek,P"]
[Black "Matsenko,S"]
[Result "0-1"]
[WhiteElo "2248"]
[BlackElo "2367"]

1.d4 d5 2.Nf3 Nf6 3.e3 c6 4.c4 e6 5.Nc3 Nbd7 6.Qc2 Bd6 7.e4 Nxe4 8.Nxe4 dxe4
9.Qxe4 e5 10.dxe5 O-O 11.Bd3 f5 12.Qe2 Nxe5 13.Nxe5 Bxe5 14.O-O Re8 15.Qc2 Qf6
16.Rb1 Be6 17.h3 Rad8 18.Be3 b6 19.Rbd1 g6 20.f4 Bd4 21.Bf2 Bc8 22.Be2 Bxf2+
23.Kxf2 Rxd1 24.Bxd1 Qd4+ 25.Kg3 Re3+ 26.Bf3 g5 27.Rd1 Qxf4+ 28.Kf2 Rxf3+
29.Kg1 Qe3+ 30.Kh1 Rf2 31.Rd8+ Kf7 32.Qd1 Re2  0-1

[Event "MTO Open"]
[Site "Biel SUI"]
[Date "2006.07.28"]
[Round "5"]
[White "Khmelniker,I"]
[Black "Novikov,Ma"]
[Result "1/2-1/2"]
[WhiteElo "2461"]
[BlackElo "2546"]

1.d4 d5 2.Nf3 e6 3.c4 Nf6 4.Nc3 c6 5.e3 Nbd7 6.Qc2 Bd6 7.g4 Bb4 8.Bd2 Qe7
9.Rg1 e5 10.g5 Bxc3 11.Bxc3 Ne4 12.Nxe5 Nxe5 13.dxe5 Nxc3 14.Qxc3 O-O 15.O-O-O Bf5
16.f4 b5 17.c5 Rfb8 18.Qd4 b4 19.Ba6 Rb7 20.h4 Rab8 21.Bxb7 Rxb7 22.h5 Rb5
23.Kd2 Qe6 24.h6 g6 25.Ke1 Kf8 26.Kf2 a5 27.Kg3 Ke8 28.b3 Qe7 29.e6 Qxe6
30.Kh2 Be4 31.Rde1 Ke7 32.Qg7 Bf3 33.Qd4 Be4 34.Rg3 f6 35.gxf6+ Qxf6 36.Rg5 Bf5
37.Kg3 Rb7 38.Kf2 Qf8 39.Qe5+ Kd8 40.Rgg1 Kc8 41.Qa1 Re7 42.a3 bxa3 43.Qc3 Qd8
44.Qf6 Kb7 45.Ra1 d4 46.e4 d3 47.b4 Bxe4 48.Rge1 Qc7 49.Qd6 d2 50.Red1 axb4
51.Rxd2 Bf5 52.Rd4 Re4 53.Rxe4 Bxe4 54.Qd2 Qa5 55.Qd4 Bf5  1/2-1/2

[Event "MTO Open"]
[Site "Biel SUI"]
[Date "2006.07.28"]
[Round "5"]
[White "Cvitan,O"]
[Black "Kobalia,M"]
[Result "0-1"]
[WhiteElo "2539"]
[BlackElo "2647"]

1.c4 Nf6 2.d4 c6 3.Nc3 d5 4.Nf3 e6 5.e3 a6 6.c5 Nbd7 7.b4 g6 8.Bd3 Bg7 9.O-O O-O
10.e4 e5 11.dxe5 Nxe5 12.Nxe5 Nxe4 13.Nxe4 dxe4 14.Bb2 exd3 15.Qxd3 Qxd3
16.Nxd3 Bxb2 17.Nxb2 Be6 18.Na4 Rad8 19.Nc3 Rd3 20.Rfc1 Rfd8 21.a3 R8d4 22.Ne2 Rg4
23.g3 Rc4 24.Nf4 Rxa3 25.Nxe6 Rxa1 26.Rxa1 fxe6 27.Rb1 Kf7 28.Kf1 e5 29.Ke2 Rd4
30.Ke3 g5 31.f3 h5  0-1

[Event "Politiken Cup"]
[Site "Copenhagen DEN"]
[Date "2006.07.28"]
[Round "7"]
[White "Brondum,E"]
[Black "Pedersen,A"]
[Result "1/2-1/2"]
[WhiteElo "2202"]
[BlackElo "2028"]

1.d4 d5 2.Nf3 Nf6 3.c4 c6 4.Nc3 e6 5.e3 Nbd7 6.Qc2 Bd6 7.g4 dxc4 8.Bxc4 Bb4
9.Rg1 Qe7 10.g5 Nd5 11.e4 N5b6 12.Be2 e5 13.Bd2 exd4 14.Nxd4 Nc5 15.f3 Qe5
16.Be3 Be6 17.Nxe6 Nxe6 18.O-O-O Bd6 19.a4 O-O-O 20.Nd5  1/2-1/2

[Event "Czech Open A"]
[Site "Pardubice CZE"]
[Date "2006.07.28"]
[Round "8"]
[White "Comas Fabrego,L"]
[Black "Tuma,J"]
[Result "1-0"]
[WhiteElo "2495"]
[BlackElo "2310"]

1.d4 d5 2.c4 c6 3.Nf3 Nf6 4.Nc3 e6 5.e3 Nbd7 6.Bd3 dxc4 7.Bxc4 b5 8.Be2 Bb7
9.O-O a6 10.e4 c5 11.e5 Nd5 12.a4 b4 13.Ne4 Qc7 14.Qd3 h6 15.Bd2 a5 16.Qb3 cxd4
17.Rac1 Nc3 18.bxc3 Bxe4 19.cxb4 Qb7 20.Bb5 Be7 21.bxa5 O-O 22.a6 Qb6 23.Rfe1 Bg6
24.Qc4 Nc5 25.Bb4 Rac8 26.Qxd4 Rfd8 27.Qe3 Rd5 28.Red1 Rcd8 29.Rxd5 Rxd5
30.h4 Bh5 31.Nd2 Qd8 32.a7 Bxh4 33.Rxc5  1-0

[Event "Czech Open A"]
[Site "Pardubice CZE"]
[Date "2006.07.28"]
[Round "8"]
[White "Kublashvili,E"]
[Black "Czarnota,D"]
[Result "1-0"]
[WhiteElo "2149"]
[BlackElo "2237"]

1.d4 d5 2.c4 c6 3.Nf3 e6 4.Nc3 Nf6 5.e3 Nbd7 6.Bd3 dxc4 7.Bxc4 b5 8.Bd3 Bb7
9.O-O Be7 10.e4 b4 11.e5 bxc3 12.exf6 Bxf6 13.bxc3 Qc7 14.Ba3 Be7 15.Bxe7 Kxe7
16.Re1 h6 17.Ne5 Nf6 18.Qb3 Rhb8 19.Qa3+ Ke8 20.f4 Nd7 21.f5 Nxe5 22.Rxe5 Bc8
23.fxe6 Bxe6 24.Bc4 Qe7 25.Qa4 Kd7 26.Rae1 Re8 27.Kh1 Qd6 28.d5 Bxd5 29.Rxe8 Rxe8
30.Qxa7+ Qc7 31.Qxc7+ Kxc7 32.Rxe8 Bxc4 33.a4 Kb6 34.Ra8 Bd5 35.Kg1 g6 36.Kf2 h5
37.g3 c5 38.Rb8+ Ka5 39.Rb5+ Kxa4 40.Rxc5 Be6 41.Ke3 Kb3 42.Kd4 Kc2 43.c4 Kd2
44.Re5  1-0

[Event "Czech Open A"]
[Site "Pardubice CZE"]
[Date "2006.07.28"]
[Round "8"]
[White "Maiorov,N"]
[Black "Stefansson,H"]
[Result "1-0"]
[WhiteElo "2490"]
[BlackElo "2569"]

1.d4 d5 2.c4 c6 3.Nc3 Nf6 4.e3 e6 5.Nf3 Nbd7 6.Qc2 Bd6 7.b3 O-O 8.Be2 b6
9.O-O Bb7 10.Bb2 Qe7 11.Rfd1 Rad8 12.Rac1 h6 13.cxd5 exd5 14.Bf1 Ne4 15.g3 Nxc3
16.Bxc3 Nf6 17.Bb2 Rc8 18.Qe2 Qe6 19.Bg2 a5 20.a4 Rfe8 21.Rc2 Nd7 22.Rdc1 Rc7
23.Ne1 Nb8 24.Nd3 Na6 25.Bc3 Qe7 26.Be1 Ba3 27.Ra1 Bd6 28.Qd1 Bc8 29.Qe2 Bf5
30.Rcc1 Rec8 31.Bc3 c5 32.dxc5 Nxc5 33.Nxc5 Rxc5 34.Qd2 Be4 35.Bd4 Rc2 36.Qd1 Rxc1
37.Rxc1 Rxc1 38.Qxc1 Qc7 39.Qd1 Bf8 40.Bxe4 dxe4 41.Qe2 Bc5 42.Qc4 Qc6 43.Kg2 h5
44.Bxc5 bxc5 45.Qb5 Qd5 46.Qxa5 Kh7 47.h4 Qxb3 48.Qxc5 Qxa4 49.Qxh5+ Kg8
50.Qe5 Qc6 51.g4 f6 52.Qf5 Qe8 53.Kg3 Qb8+ 54.Qf4 Qb1 55.Kg2 Qb7 56.Qd6 Qf7
57.Kg3 g5 58.Qd8+ Kh7 59.Qc8 gxh4+ 60.Kxh4 Kg7 61.Qf5 Qc7 62.Qf4 Qc6 63.Kg3 Qd5
64.Qb8 Kf7 65.Qa7+ Kg6 66.Qd4 Qe6 67.Kf4 Kf7 68.Qxe4 Qd6+ 69.Kf3 Qd1+ 70.Kg2 Qd6
71.Qf5 Kg7 72.g5 fxg5 73.Qxg5+ Kh7 74.Qh4+  1-0

[Event "10th Battle of Senta 1697 Open"]
[Site "Senta SCG"]
[Date "2006.07.28"]
[Round "9"]
[White "Sirotanovic,O"]
[Black "Tancik,K"]
[Result "1/2-1/2"]
[WhiteElo "2285"]
[BlackElo "2123"]

1.c4 c6 2.Nc3 d5 3.d4 Nf6 4.Nf3 e6 5.e3 a6 6.c5 Nbd7 7.Be2 g6 8.O-O Bg7 9.b4 O-O
10.Bb2 Re8 11.a4 e5 12.dxe5 Nxe5 13.Nxe5 Rxe5 14.Nb5 Re7 15.Nd6 Ne4 16.Bxg7 Kxg7
17.Qd4+ Kg8 18.Nc4 Re8 19.Nb6 Rb8 20.b5 axb5 21.axb5 Qf6 22.Qxf6 Nxf6 23.Bd3 Nd7
24.Nxd7 Bxd7 25.b6 Ra8 26.Rfb1 Bf5 27.Bxf5 gxf5 28.Ra7 Rab8 29.Rb4 Kg7 30.g3 Re4
31.Rba4 Kf6 32.Ra8 Rxa8 33.Rxa8 Rc4 34.Rb8 Rxc5 35.Rxb7 Rb5 36.Kg2 c5 37.Rb8 c4
38.b7 Ke7 39.Kf3 Kd7 40.Rf8 Rxb7 41.Rxf7+ Kc6 42.Rxf5 Rb2 43.Rf6+ Kc5 44.Rf7 h6
45.g4 c3 46.Rc7+ Kb4 47.h4 Kb3 48.g5 hxg5 49.hxg5 c2 50.Kf4 Rb1 51.Ke5 c1=Q
52.Rxc1 Rxc1 53.Kxd5 Rd1+ 54.Ke6 Rg1 55.f4 Kc4 56.Kf7 Kd3 57.g6 Kxe3 58.f5 Kf4
59.f6 Kf5 60.g7 Rg2  1/2-1/2

[Event "Politiken Cup"]
[Site "Copenhagen DEN"]
[Date "2006.07.29"]
[Round "8"]
[White "Berry,N"]
[Black "Kafka,G"]
[Result "1-0"]
[WhiteElo "2334"]
[BlackElo "2134"]

1.d4 d5 2.c4 c6 3.Nc3 Nf6 4.e3 e6 5.Nf3 Nbd7 6.Bd3 Bd6 7.Qc2 O-O 8.O-O Qe7
9.c5 Bc7 10.e4 e5 11.exd5 cxd5 12.Bg5 e4 13.Nxd5 Nxd5 14.Bxe7 exd3 15.Qc4 Nxe7
16.d5 Ne5 17.Nxe5 Bxe5 18.Qxd3 Rd8 19.d6 Nc6 20.Rae1 Bxb2 21.Qb5 Bf6 22.Re3 Bd7
23.Qxb7 Rab8 24.Qa6 Bd4 25.Re7 Nxe7 26.dxe7 Rdc8 27.Qd6 Bb5 28.Qxd4 Bxf1
29.Kxf1 g6 30.c6 Re8 31.Qd7 f5 32.c7 Rbc8 33.Ke2 Kf7 34.Kd3 h6 35.f4 g5 36.g3 a5
37.a4 gxf4 38.gxf4  1-0

[Event "Politiken Cup"]
[Site "Copenhagen DEN"]
[Date "2006.07.29"]
[Round "8"]
[White "Brynell,S"]
[Black "Mikkelsen,N"]
[Result "1-0"]
[WhiteElo "2502"]
[BlackElo "2236"]

1.d4 d5 2.c4 c6 3.Nc3 Nf6 4.e3 e6 5.Nf3 Nbd7 6.Bd3 dxc4 7.Bxc4 b5 8.Bd3 Bb7
9.e4 b4 10.Na4 c5 11.e5 Nd5 12.Nxc5 Nxc5 13.dxc5 Bxc5 14.O-O h6 15.Nd2 Nf4
16.Be4 Qc7 17.Qf3 Bxe4 18.Nxe4 Nd5 19.Qg3 Kf8 20.Bd2 Bd4 21.Nd6 Rd8 22.Rac1 Qe7
23.Nc4 Bb6 24.h4 g6 25.h5 Kg7 26.Nd6 Bc7 27.Ne4 Nb6 28.hxg6 fxg6 29.Bxb4 Qxb4
30.Rxc7+ Rd7 31.Nc5 Rxc7 32.Nxe6+ Kh7 33.Nxc7 Qxb2 34.Qf4 Rg8 35.Ne8 Nd5
36.Qf7+ Kh8 37.Qxd5 Rxe8 38.Re1 Qb4 39.Re4 Qb1+ 40.Kh2 Qb6 41.Qf7 Qe6 42.Qxa7 Qd5
43.Qe3 Kg7  1-0

[Event "Dutch Open"]
[Site "Dieren NED"]
[Date "2006.07.29"]
[Round "5"]
[White "Ernst,S"]
[Black "Hoeksema,E"]
[Result "1/2-1/2"]
[WhiteElo "2504"]
[BlackElo "2373"]

1.Nf3 Nf6 2.c4 c6 3.d4 d5 4.e3 e6 5.Nc3 a6 6.Qc2 c5 7.cxd5 exd5 8.Be2 Nc6
9.O-O Be6 10.dxc5 Bxc5 11.Rd1 Qe7 12.a3 O-O 13.b4 Bd6 14.Bb2 Rac8 15.Rac1 Rfd8
16.Qb1 Ne5 17.Nxe5 Bxe5 18.Na4 Rxc1 19.Rxc1 Bg4 20.Bxg4 Nxg4 21.h3 Bxb2 22.Qxb2 Ne5
23.Rd1 Nc6 24.Qc3 Rd6 25.Nc5 h5 26.Kf1 h4 27.Kg1 Rg6 28.Nd3 Qe4 29.Nf4 d4
30.Qd3 Qxd3 31.Rxd3 Rf6 32.Nd5 Re6 33.exd4 Rd6 34.Ne3 Rxd4 35.Rxd4 Nxd4 36.Kf1 f5
37.Ke1 f4 38.Nc4 b5 39.Ne5 Nc2+ 40.Ke2 Nxa3 41.Kf3 Nc2 42.Nd3 Kf7 43.Kxf4 Kf6
44.Ke4 g5 45.f4 Kg6 46.Ke5 gxf4 47.Kxf4 Kh5 48.Kf5 Ne3+ 49.Ke4 Nc2 50.Kf4 Kg6
51.Ke5 Kg5 52.Ke4 Kf6 53.Kf4 Kg6 54.Kg4 Ne3+ 55.Kf3 Nc2 56.Kg4 Ne3+ 57.Kxh4 Nxg2+
58.Kg3 Ne3 59.Nc5  1/2-1/2

[Event "Summer Cup"]
[Site "Litohoro GRE"]
[Date "2006.07.29"]
[Round "8"]
[White "Vragoteris,A"]
[Black "Stojanovic,Mih"]
[Result "0-1"]
[WhiteElo "2336"]
[BlackElo "2549"]

1.d4 d5 2.c4 e6 3.Nc3 c6 4.e3 Nf6 5.Nf3 Nbd7 6.Qc2 Bd6 7.Bd3 O-O 8.O-O dxc4
9.Bxc4 a6 10.Rd1 Qc7 11.Ne4 Nxe4 12.Qxe4 Re8 13.Ng5 Nf6 14.Qh4 h6 15.Nf3 c5
16.Bb3 cxd4 17.exd4 Nd5 18.Bd2 Bd7 19.Ne5 Bxe5 20.dxe5 Qxe5 21.Bxd5 exd5
22.Bc3 Qf5 23.Qg3 f6 24.Rd3 Bc6 25.h4 Re4 26.Rf3 Qg4 27.Qd6 d4 28.Rg3 Qxh4
29.Bxd4 Rxd4 30.Qe7 g5 31.Qxf6 Rd7 32.Qg6+ Rg7 33.Qe6+ Rf7 34.Qg6+ Rg7 35.Qe6+ Kh7
36.Qf5+ Kh8 37.Re1 Qf4 38.Qe6 Rf8  0-1

[Event "Czech Open A"]
[Site "Pardubice CZE"]
[Date "2006.07.29"]
[Round "9"]
[White "Nechepurenko,R"]
[Black "Malykin,V"]
[Result "1/2-1/2"]
[WhiteElo "2463"]
[BlackElo "2370"]

1.Nf3 Nf6 2.d4 d5 3.c4 c6 4.Nc3 e6 5.e3 Nbd7 6.cxd5 exd5 7.Bd3 Bd6 8.O-O O-O
9.Nd2 c5 10.Nf3 Re8 11.b3 b6 12.Nb5 Bb8 13.dxc5 bxc5 14.Nc3 Bb7 15.Bb2 d4
16.exd4 cxd4 17.Ne2 Bxf3 18.gxf3 Ne5 19.Ng3 Qd5 20.Be4 Nxe4 21.fxe4 Qd7 22.f4 Nc6
23.Qf3 Bc7 24.Kh1 g6 25.Rad1 Rad8 26.Rf2 Bb6 27.Rg2 Qh3 28.a3 d3 29.e5 Nd4
30.Qf1 Nf5 31.Ne4 Kf8 32.Rgd2 Qxf1+ 33.Rxf1 Be3 34.Rdd1 Re7 35.Rf3 d2 36.Bc3 Rc7
37.Bxd2 Bxd2 38.Nxd2 Rc2 39.Rf2 h5 40.h3 Rd3 41.Kg1 Rg3+ 42.Kh2 Rd3 43.Ne4 Rxf2+
44.Nxf2 Rxb3 45.Rd3 Rxd3  1/2-1/2

[Event "15th Open A"]
[Site "Vienna AUT"]
[Date "2006.07.29"]
[Round "1"]
[White "Sadilek,P"]
[Black "Fusi,C"]
[Result "0-1"]
[WhiteElo "2069"]
[BlackElo "2317"]

1.d4 d5 2.c4 c6 3.Nf3 e6 4.e3 Nf6 5.Nc3 Nbd7 6.Qc2 Bd6 7.g4 Nxg4 8.Rg1 Nxh2
9.Nxh2 Bxh2 10.Rxg7 Qf6 11.Rxh7 Bd6 12.Rxh8+ Qxh8 13.Bd2 dxc4 14.Ne4 Be7
15.Qxc4 Qh4 16.Qc2 f5 17.Nc5 Nxc5 18.dxc5 Bd7 19.a3 O-O-O 20.Ba5 Rg8 21.O-O-O Bf8
22.Bc4 Qe7 23.b4 Rg4 24.Qb3 Rg6 25.Qa4 Bg7 26.Bb6 Qh4 27.Be2 Qxf2 28.Qxa7 Qxe3+
29.Rd2 Rg1+ 30.Bd1 Qc3+ 31.Kb1 Rxd1+  0-1

[Event "Politiken Cup"]
[Site "Copenhagen DEN"]
[Date "2006.07.30"]
[Round "9"]
[White "Jakobsen,O"]
[Black "Gretarsson,Hj"]
[Result "1/2-1/2"]
[WhiteElo "2387"]
[BlackElo "2139"]

1.d4 d5 2.Nf3 Nf6 3.c4 c6 4.e3 e6 5.Nc3 Nbd7 6.Bd3 dxc4 7.Bxc4 b5 8.Be2 a6
9.a4 b4 10.Nb1 a5 11.Nbd2 Be7 12.Nc4 O-O 13.Nfe5 Bb7 14.Bf3 Nxe5 15.Nxe5 Rc8
16.O-O Nd7 17.Nc4 Ba6 18.Be2 c5 19.b3 cxd4 20.exd4 Qc7 21.Bb2 Rfd8 22.Rc1 Qa7
23.Bd3 Nf6 24.Qd2 Bb7 25.Rfe1 h6 26.Red1 Nd5 27.Ne3 Bg5  1/2-1/2

[Event "35th TCh-GRE"]
[Site "Ermioni GRE"]
[Date "2006.07.??"]
[Round "8"]
[White "Kharitonov,Alexandr"]
[Black "Mastrovasilis,D"]
[Result "1/2-1/2"]
[WhiteElo "2514"]
[BlackElo "2567"]

1.d4 d5 2.c4 c6 3.Nc3 Nf6 4.e3 e6 5.Nf3 Nbd7 6.Qc2 Bd6 7.Be2 O-O 8.O-O e5
9.cxd5 cxd5 10.dxe5 Nxe5 11.Rd1 Qc7 12.h3 Nxf3+ 13.Bxf3 Bh2+  1/2-1/2

[Event "Dutch Open"]
[Site "Dieren NED"]
[Date "2006.08.01"]
[Round "7"]
[White "Van Roosmalen,S"]
[Black "Jonker,F"]
[Result "0-1"]
[WhiteElo "2266"]
[BlackElo "2141"]

1.d4 d5 2.c4 c6 3.Nf3 Nf6 4.Nc3 e6 5.e3 Nbd7 6.Qc2 Bd6 7.g4 dxc4 8.g5 Nd5
9.Bxc4 N7b6 10.Bb3 Qe7 11.e4 Nxc3 12.bxc3 c5 13.e5 Bc7 14.Ba3 Nd7 15.Ba4 O-O
16.Qe4 Ba5 17.Rc1 Rb8 18.Bxd7 Qxd7 19.Bxc5 Rd8 20.Bxa7 Ra8 21.Bc5 b6 22.Bd6 Bb7
23.Qe3 Qc6 24.Ke2 Qc4+ 25.Ke1 Qd5 26.Ke2 Qxa2+ 27.Kf1 Rdc8 28.Kg2 Qb2 29.Kg3 Bxc3
30.Rhd1 Ba5 31.Ng1 Rxc1 32.Rxc1 Bd2 33.Rb1 Qxb1 34.Qxd2  0-1

[Event "15th Open A"]
[Site "Vienna AUT"]
[Date "2006.08.01"]
[Round "4"]
[White "Arif,B"]
[Black "Brehovsky,P"]
[Result "0-1"]
[WhiteElo "2062"]
[BlackElo "2140"]

1.d4 e6 2.c4 d5 3.Nf3 Nf6 4.Nc3 c6 5.e3 Nbd7 6.Qc2 Bd6 7.b3 Qe7 8.Be2 O-O
9.O-O dxc4 10.bxc4 e5 11.d5 e4 12.Nd4 Nc5 13.f4 exf3 14.gxf3 cxd5 15.cxd5 Nxd5
16.Nxd5 Qg5+ 17.Kh1 Qxd5 18.Bc4 Qh5 19.Bb2 Bh3 20.Rg1 g6 21.f4 Bg4 22.Rg3 Bd7
23.Rag1 Ba4 24.Qb1 Rfe8 25.Rg5 Bc6+ 26.Nxc6 Qf3+ 27.R1g2 Ne4 28.Qc2 bxc6
29.Rf5 Re7 30.Bd3 Qxe3 31.Bxe4 Qxe4 32.Qxe4 Rxe4 33.Rf6 Re1+ 34.Rg1 Rxg1+
35.Kxg1 Rd8 36.Kf1 Kf8 37.f5 Bb4 38.fxg6 hxg6 39.Be5 Rd1+ 40.Ke2 Re1+ 41.Kf3 Rxe5
42.Rxc6 Rc5 43.Ra6 Ra5 44.Rxa5 Bxa5  0-1

[Event "MTO Open"]
[Site "Biel SUI"]
[Date "2006.08.03"]
[Round "10"]
[White "Fressinet,L"]
[Black "Yagupov,I"]
[Result "1-0"]
[WhiteElo "2626"]
[BlackElo "2559"]

1.d4 d5 2.Nf3 Nf6 3.c4 c6 4.Nc3 e6 5.e3 Nbd7 6.Bd3 dxc4 7.Bxc4 b5 8.Bd3 a6
9.a4 Bb7 10.O-O b4 11.Nb1 c5 12.Nbd2 Be7 13.a5 O-O 14.Qe2 cxd4 15.exd4 Nb8
16.Nc4 Ra7 17.Rd1 Bd5 18.Nfe5 Nc6 19.Be3 Rb7 20.Nxc6 Bxc6 21.Nb6 Nd5 22.Bxa6 Rxb6
23.axb6 Qxb6 24.Bd3 Bb7 25.Ba6 Bc6 26.Rdc1 Rd8 27.Qc2 Ba8 28.Bd3 h6 29.Be4 Bd6
30.Qe2 Bb7 31.Bf3 Be7 32.Rd1 Bf6 33.Rac1 Be7 34.Qc2 Bd6 35.Qe4 Ra8 36.Qg4 Kf8
37.Bxd5 Bxd5 38.Bf4 Be7 39.Rc7 Bf6 40.Qh5 g6 41.Qxh6+ Kg8 42.Rdc1 Qxd4 43.Rxf7 Kxf7
44.Rc7+ Be7 45.Qh7+ Kf6 46.Qxe7+ Kf5 47.Qg5+ Ke4 48.Qxg6+ Kxf4 49.Rf7+ Ke5
50.Qg3+  1-0